| 000 | 01345nam a2200361Ic 4500 | ||
|---|---|---|---|
| 001 | 58180 | ||
| 003 | CO-BoRNBP | ||
| 005 | 20250820142732.0 | ||
| 007 | ta | ||
| 008 | 200115s2019 ck 000 0 spa d | ||
| 020 | _a9789585653795 | ||
| 040 |
_aCO-BoRNBP _bspa _erda _cCO-BoRNBP |
||
| 041 | _aspa | ||
| 082 | 0 | 4 |
_a513.1 _bG65c |
| 100 |
_aGonzález, Olga _eaut _962430 |
||
| 245 | 1 | 0 |
_aCuenta que te cuento / _ctexto Olga González ; ilustraciones Jim Pluk. |
| 250 | _aEdición especial | ||
| 264 | 1 |
_aBogotá, Colombia : _bCataplum, _c2019 |
|
| 300 |
_a35 páginas : _bilustraciones en color |
||
| 336 |
_2rdacontent _atexto _btxt |
||
| 337 |
_2rdamedia _asin mediación _bn |
||
| 338 |
_2rdacarrier _avolumen _bnc |
||
| 490 | 0 | _aPlan Nacional de Lectura y Escritura Leer es mi Cuento / Ministerio de Cultura | |
| 500 | _aRecomendado para un público infantil mayor de 6 años | ||
| 504 | _aIncluye datos biográficos de la autora y el ilustrador al final del texto | ||
| 650 | 0 | 7 |
_aAritmética _vcuriosidades y enigmas _vliteratura infantil _2lemb _962614 |
| 650 | 0 | 7 |
_aAritmética _xenseñanza _vliteratura infantil _2lemb _962615 |
| 650 | 0 | 7 |
_aCuriosidades _vliteratura infantil _2LEMB _962616 |
| 655 |
_aLiteratura infantil _9324724 |
||
| 655 |
_aCuriosidades y enigmas _9324663 |
||
| 700 |
_aPluk, Jim _eill _960326 |
||
| 942 |
_2ddc _cBK |
||
| 999 |
_c58180 _d58180 |
||